| 000 | 00000nam##2200000za#4500 |
| 001 | 9.608386 |
| 003 | CaOODSP |
| 005 | 20210624213611 |
| 007 | cr ||||||||||| |
| 008 | 150406|2015||||xxc|||||o f|0| 0 fre|d |
| 022 | |a1925-0908 |
| 040 | |aCaOODSP|bfre |
| 043 | |an-cn--- |
| 086 | 1 |aH113-9/2015-7F-PDF |
| 110 | 1 |aCanada.|bSanté Canada. |bAgence de réglementation de la lutte antiparasitaire. |
| 245 | 10|aBenzovindiflupyr |h[ressource électronique] |
| 260 | |aOttawa - Ontario : |bSanté Canada. |cLe 19 mars 2015. |
| 300 | |a223p.|bfigures, références, tableaux |
| 490 | 1 |aProjet de décision d'homologation |x1925-0908|vPRD2015-07 |
| 590 | |a15-13|b2015-03-27 |
| 775 | 08|tBenzovindiflupyr |w(CaOODSP)9.581614 |
| 830 | #0|aProjet de décision d'homologation,|x1925-0908|vPRD2015-07|w(CaOODSP)9.500882 |
| 856 | 40|ahttp://publications.gc.ca|qPDF|s1.27 Mo|uhttps://publications.gc.ca/collections/collection_2015/sc-hc/H113-9-2015-7-fra.pdf|yPRD2015-07 |